| 000 -ლიდერი |
| ფიქსირებული სიგრძის საკონტროლო ველი |
00861nam a22001817a 4500 |
| 003 - საკონტროლო ნომრის იდენტიფიკატორი |
| საკონტროლო ველი |
Ge_BSU |
| 005 - ბოლო ოპერაციის თარიღი და დრო |
| საკონტროლო ველი |
20210407181949.0 |
| 008 - ფიქსირებული სიგრძის მონაცემთა ელემენტები - ზოგადი ინფორმაცია |
| ფიქსირებული სიგრძის საკონტროლო ველი |
210407s1968 ge ||||| |||| 00| 0 geo d |
| 041 ## - ენის კოდი |
| Language code of text/sound track or separate title |
geo |
| 080 ## - უნივერსალური ათობითი კლასიფიკაციის ინდექსი |
| Universal Decimal Classification number |
616.21(075.8) ჩ-23 |
| 100 ## - მთავარი ჩანაწერი - პიროვნების სახელი |
| Personal name |
ჩარგეიშვილი, ა. |
| 9 (RLIN) |
11175 |
| 245 ## - ცნობა სათაურის შესახებ |
| Title |
ყურის, ცხვირისა და ყელის დაავადებანი / |
| Statement of responsibility, etc |
ა. ჩარგეიშვილი; რედაქტორი დ. სალუქვაძე. |
| 264 ## - წარმოების, გამოცემის, დისტრიბუციის და სხვა ცნობები |
| გამოცემის, წარმოების, დისტრიბუციის... ადგილი |
თბილისი: |
| გამოცემის, წარმოების, დისტრიბუციის... სახელწოდება |
განათლება, |
| გამოცემის, წარმოების, დისტრიბუციის... თარიღი |
1968. |
| 300 ## - ფიზიკური აღწერა |
| Extent |
378 გვ.: |
| Other physical details |
ილ., სურ.; |
| Dimensions |
22 სმ. |
| 653 ## - INDEX TERM--UNCONTROLLED |
| Uncontrolled term |
ოტორინოლარინგოლოგია - დაავადებები |
| 700 ## - ADDED ENTRY--PERSONAL NAME |
| Personal name |
სალუქვაძე, დ. |
| Relator term |
რედაქტორი |
| 9 (RLIN) |
3427 |
| 942 ## - ADDED ENTRY ELEMENTS (KOHA) |
| Source of classification or shelving scheme |
|
| Koha item type |
წიგნი |